| 000 | 00534nam a2200193Ia 4500 | ||
|---|---|---|---|
| 003 | SGT | ||
| 020 | _a9788177585568 | ||
| 082 |
_a5.74 _bDAT |
||
| 100 | _aDate,C.J | ||
| 245 | 3 | _aAn Introducation to database systems | |
| 250 | _a8th Ed. | ||
| 260 |
_bPearson _aN.Delhi _c2009 |
||
| 300 | _a931p. | ||
| 650 | _aCOMPUTER SCIENCE | ||
| 653 | _aPRELIMINARIES,THE RELATIONAL MODEL,DATABASE DESIGN,TRANSACTION MANAGEMENT,FURTHER TOPICS,OBJECTS RELATIONS AND XML | ||
| 700 | _aKannan,A | ||
| 700 | _aSwamynathan,S | ||
| 942 |
_2ddc _cBK _07 |
||
| 999 |
_c5184 _d5184 |
||